| 000 | 01026nam a2200313Ia 4500 | ||
|---|---|---|---|
| 005 | 20220317001812.0 | ||
| 008 | 170328s2010 m g 000 0 s | ||
| 020 | _a9789681681845 | ||
| 041 | _aspa | ||
| 082 | 0 | 4 |
_a320.01 _bV34r |
| 100 | 1 |
_aVilloro, Luis _d1922-2014 |
|
| 245 | 1 | 4 |
_aLos retos de la sociedad por venir _bensayos sobre justicia, democracia y multiculturalismo _cLuis Villoro |
| 250 | _aPrimera edición | ||
| 300 |
_a226 páginas _c21 cm |
||
| 490 | _aSección de obras de filosofía | ||
| 500 | _aIncluye datos biográficos del autor | ||
| 504 | _aIncluye referencias bibliográficas | ||
| 650 | 1 | 4 |
_2LEMB _aFilosofía política |
| 650 | 1 | 4 |
_2LEMB _aJusticia |
| 650 | 1 | 4 |
_2LEMB _aMulticulturalismo |
| 650 | 1 | 4 |
_2LEMB _aPolítica |
| 650 | 1 | 4 |
_2LEMB _aDemocracia |
| 942 |
_2ddc _cBK |
||
| 264 |
_aMéxico _bFondo de Cultura Económica _c2010 |
||
| 336 |
_atexto _btxt _2rdacontent |
||
| 337 |
_asin mediación _bn _2rdamedia |
||
| 338 |
_avolumen _bnc _2rdacarrier |
||
| 040 |
_aCO-BoRNBP _bspa _erda _cCO-BoRNBP |
||
| 999 |
_c8144 _d8144 |
||